'Christmas' In Different Languages - Statistics

General Stats
  • This quiz has been taken 26 times
  • The average score is 9 of 10
Answer Stats
Question Answer % Correct
Portuguese Natal
100%
French Noël
100%
German Weihnachten
100%
Polish Boże Narodzenie
95%
Spanish Navidad
95%
Finnish Joulu
91%
Dutch Kerstmis
91%
Welsh Nadolig
86%
Italian Natale
86%
Romanian Crăciun
59%
No matching quizzes found
Score Distribution
Percent of People with Each Score
Percentile by Number Answered
Your Score History
You have not taken this quiz